|
|
|
|
| LEADER |
02160nam a2200397 a 4500 |
| 001 |
40231 |
| 003 |
BD-DhAAL |
| 008 |
221214t1992 vau b 100 0 eng d |
| 010 |
|
|
|a 95180773
|
| 020 |
|
|
|a 1565640489
|
| 035 |
|
|
|a (OCoLC)29997119
|
| 040 |
|
|
|a MdU
|c MdU
|d DLC
|d BD-DhAAL
|
| 042 |
|
|
|a lccopycat
|
| 082 |
|
|
|a 338.900917671
|
| 111 |
2 |
|
|a International Islamic Economics Seminar
|n (3rd :
|d 1990 :
|c Washington, D.C.)
|9 52915
|
| 245 |
1 |
0 |
|a Resource mobilization and investment in an Islamic economic framework :
|b proceedings of the third International Islamic Economics Seminar, 1990 /
|c edited by Zaidi Sattar.
|
| 250 |
|
|
|a First edition.
|
| 260 |
|
|
|a Herndon, Va. :
|b International Institute of Islamic Thought,
|c 1992.
|
| 300 |
|
|
|a 207 pages ;
|c 23 cm.
|
| 490 |
1 |
|
|a Islamization of knowledge ;
|v 13.
|
| 500 |
|
|
|a Jointly published by the Association of Muslim Social Scientists and the International Institute of Islamic Thought.
|
| 500 |
|
|
|a Supported by the Research Division, Islamic Research and Training Institute, Islamic Development Bank, Jeddah, Saudi Arabia.
|
| 504 |
|
|
|a Includes bibliographical references (pages 206-207).
|
| 541 |
|
|
|a Donated By Akbar Ali Khan
|e 40231, 40232
|
| 650 |
|
0 |
|a Investments
|z Islamic country
|x Mathematical models
|v Congresses.
|9 52916
|
| 650 |
|
0 |
|a Economic development
|x Religious aspects
|x Islam
|v Congresses.
|9 52917
|
| 650 |
|
0 |
|a Finance, Public
|x Religious aspects
|x Islam
|v Congresses.
|9 52918
|
| 700 |
1 |
|
|a Sattar, Zaidi.
|9 52919
|
| 710 |
2 |
|
|a International Institute of Islamic Thought.
|9 52920
|
| 710 |
2 |
|
|a Association of Muslim Social Scientists.
|9 52921
|
| 830 |
|
0 |
|a Islamization of knowledge series ;
|v 13.
|9 52922
|
| 852 |
|
|
|a Ayesha Abed Library
|c Akbar Ali Khan Collection
|
| 942 |
|
|
|2 ddc
|c BK
|
| 999 |
|
|
|c 45185
|d 45185
|
| 952 |
|
|
|0 0
|1 0
|2 ddc
|4 0
|6 338_900917671000000_RES
|7 1
|9 72498
|a BRACUL
|b BRACUL
|c AAKC
|d 2022-12-14
|e Donated by Akbar Ali Khan
|l 0
|o 338.900917671 RES
|p 3010040231
|r 2022-12-14
|t 1
|w 2022-12-14
|y BK
|
| 952 |
|
|
|0 0
|1 0
|2 ddc
|4 0
|6 338_900917671000000_RES
|7 1
|9 72499
|a BRACUL
|b BRACUL
|c AAKC
|d 2022-12-14
|e Donated by Akbar Ali Khan
|l 0
|o 338.900917671 RES
|p 3010040232
|r 2022-12-14
|t 2
|w 2022-12-14
|y BK
|